000 00298nam a2200133Ia 4500
100 _aLee/Kwyro
942 _cRB
654 _asemiconductor
245 _aSemiconductor device Modeling for VLSI
260 _bPrentice Hall
_c1993
082 _a621.3815
_bLEE
300 _a747
546 _aENGLISH
999 _c18688
_d18688